000
00313nam a22001337a 4500
008
211011b ||||| |||| 00| 0 eng d
041
_a
eng
080
_a
610
082
_a
610
100
_a
4
101
_a
SHM
245
_a
Diseases of the Chest With Emphasis on X-ray Diagnosis
_c
Rubin,E.H
942
_2
udc
_c
BK
999
_c
58156
_d
58156